| 000 | 00479nam a2200169 a 4500 | ||
|---|---|---|---|
| 001 | 5080 | ||
| 003 | CDMR | ||
| 005 | 20131003130756.0 | ||
| 008 | 130130s1982||||||||||||||||||||||||||||d | ||
| 020 | _a9287100144 | ||
| 040 |
_aCDMR _bcat _cCDMR |
||
| 245 | 3 | _aLa publicité dans les emissions de radio et de télévision | |
| 260 |
_aStrasbourg _c1982 _bConseil de l'Europe |
||
| 490 | 0 |
_aDossiers sur les Mass Media _v1 |
|
| 650 | 0 | 4 |
_91455 _aPublicitat audiovisual |
| 942 |
_cFULLET _2udc |
||
| 999 |
_c5080 _d5080 |
||